Solicitors as salesmen (Record no. 5698)

MARC details
000 -LEADER
fixed length control field 00939cab a2200205 4500
001 - CONTROL NUMBER
control field ABS38203
008 - FIXED-LENGTH DATA ELEMENTS--GENERAL INFORMATION
fixed length control field 090401t1987 xxu||||| |||| 00| 0 eng d
035 ## - SYSTEM CONTROL NUMBER
System control number (Sirsi) u9183
041 ## - LANGUAGE CODE
Language code of text/sound track or separate title eng
100 ## - MAIN ENTRY--PERSONAL NAME
Personal name Davies, P.W.
245 ## - TITLE STATEMENT
Title Solicitors as salesmen
260 ## - PUBLICATION, DISTRIBUTION, ETC.
Date of publication, distribution, etc. 1987
350 ## - PRICE (NR) (BK AM CF MU VM SE) [OBSOLETE]
Price 0
490 ## - SERIES STATEMENT
Series statement Law Magazine
Volume/sequential designation No9 4 September 1987, 28-29(2)
520 ## - SUMMARY, ETC.
Summary, etc. Since the Law Society in 1984 relaxed its rules on solicitors ` selling property, well over 100 firms have begun to offer a one stop estate agency and conveyancing practice. This article looks at how the first of these, Langleys in Lincolnshire has fared over three years, and at a time when the Law Society are considering multidisciplinary partnerships . Also reports on the opinions of some solicitors who question this new role.
650 ## - SUBJECT ADDED ENTRY--TOPICAL TERM
Topical term or geographic name entry element PROPERTY SHOPS
690 ## - LOCAL SUBJECT ADDED ENTRY--TOPICAL TERM (OCLC, RLIN)
Topical term or geographic name as entry element MANAGEMENT-BUSINESS MANAGEMENT-PROFESSIONAL PRACTICE
942 ## - ADDED ENTRY ELEMENTS (KOHA)
Suppress in OPAC 0
948 ## - LOCAL PROCESSING INFORMATION (OCLC); SERIES PART DESIGNATOR (RLIN)
c (OCLC) 04/03/1997
Holdings
Withdrawn status Lost status Source of classification or shelving scheme Damaged status Not for loan Home library Current library Shelving location Date acquired Total Checkouts Full call number Barcode Date last seen Copy number Price effective from Koha item type
    Dewey Decimal Classification     London London Journal article 14/09/1999   ABS38203 9183-1001 06/08/2019 1 06/08/2019 Journal article